Reglamento de las oficinas y dependencias de la Diputación Provincial de Lérida
Descripción Física:
73 p. ; 22 cm
MARC
| LEADER | 00000nam a2200000Ia 4500 | ||
|---|---|---|---|
| 001 | 15883 | ||
| 008 | 160829s1926 xx 000 0 cat d | ||
| 080 | |a M-4-346 | ||
| 110 | 1 | |9 52948 |a Lleida (Catalunya : Província). |b Diputació | |
| 245 | |a Reglamento de las oficinas y dependencias de la Diputación Provincial de Lérida | ||
| 260 | |a Lérida : |b Tipografia provincial de la casa de Misericordia, |c 1926 | ||
| 300 | |a 73 p. ; |c 22 cm | ||
| 590 | |a Prové de Q-894, exp. 15 | ||
| 610 | 1 | 0 | |a Lleida (Catalunya : Província). |b Diputació |9 52948 |
| 610 | 1 | 0 | |a Lleida (Catalunya : Província). |b Diputació |x Reglament i procediments |9 54031 |
| 650 | |a Oficines |x Direcció i administració |9 42537 | ||
| 901 | |a Arxiu | ||
| 942 | |n 1 |2 udc | ||
| 952 | |0 0 |1 0 |4 0 |6 M4346 |7 1 |9 50890 |a Arxiu |b Arxiu |d 2016-12-01 |l 0 |o M-4-346 |p 15883 |r 2016-12-01 00:00:00 |w 2016-12-01 |y ARXIU | ||
| 999 | |c 54732 |d 54732 | ||